000 01149nam a22002537a 4500
005 20170124102924.0
010 _aB-081505
020 _c150.00
_a8126706937
035 _aB-081505
037 _bCen Lib/Ret
040 _aDPL
_bHN
082 _a821
_bदेवता
100 _aदेवताले, चन्द्रकान्त
_942819
245 _aउजाड़ में संग्रहालय /
_cचन्द्रकान्त देवताले
246 _aUjaar me sangrehalye
_bby Chandrakant Devtaale
260 _bराजकमल प्रकाशन
_aनई दिल्ली
_c2003
270 _a1-बी, नेताजी सुभाष मार्ग, दरियागंज
_bनई दिल्ली
_e110002
300 _a154पृ.
_c21सेमी (सजिल्द)
650 _aदेवताले चन्द्रकान्त -- काव्य
_943071
650 _aहिंदी साहित्य
_943072
650 _aDevtaale Chandrakant -- poems
_943073
650 _aHindi literature
_943074
942 _2ddc
_cHN
_h821
_mदेवता
999 _c111481
_d111481